000 01015nam a2200289 i 4500
001 000038638
003 DO-SdBNP
005 20260317142145.0
007 ta
008 130417s1982 dr 000 0 spa d
040 _aDO-SdBNP
_bspa
_cBNPHU
_erda
041 _aspa
082 _axxx
_bR426s
_222
110 _aRepública Dominicana.
_bSecretaría de Estado de Finanzas. Instituto de Capacitación Tributaria
_99333
245 0 0 _aSecretaría de Estado de Finanzas :
_bbase legal /
_cInstituto de Capacitación Tributaria de la Secretaría de Estado de Finanzas.
264 _aSanto Domingo :
_b(INCAT) ,
_c1982.
300 _a91 páginas : ;
_c21 cm.
336 _ardacontent
_btexto
_2txt
337 _ardamedia
_bsin mediación
_2n
338 _ardacarrier
_bvolumen
_2nc
490 1 _aSerie legislativa
_v9
590 _aInventariado, 2026/DG
710 2 _aInstituto de Capacitación Tributaria (República Dominicana)
_973226
830 0 _aSerie legislativa
_n9
_964972
910 _aDG
942 _2ddc
_cLBS1
999 _c38128
_d38128